A pocket guide to cold water survival (Record no. 3167)

000 -LEADER
fixed length control field 00378nam a2200133Ia 4500
008 - FIXED-LENGTH DATA ELEMENTS--GENERAL INFORMATION
fixed length control field 200103s9999||||xx |||||||||||||| ||und||
020 ## - INTERNATIONAL STANDARD BOOK NUMBER
International Standard Book Number 9789280115659
082 ## - DEWEY DECIMAL CLASSIFICATION NUMBER
Classification number 613.69
Item number IMO
100 ## - MAIN ENTRY--PERSONAL NAME
Personal name International Maritime Organization
245 #2 - TITLE STATEMENT
Title A pocket guide to cold water survival
260 ## - PUBLICATION, DISTRIBUTION, ETC. (IMPRINT)
Name of publisher, distributor, etc International Maritime Organization
Date of publication, distribution, etc 2012
Place of publication, distribution, etc London
300 ## - PHYSICAL DESCRIPTION
Extent 25p.
942 ## - ADDED ENTRY ELEMENTS (KOHA)
Item type Books
Holdings
Withdrawn status Lost status Source of classification or shelving scheme Damaged status Not for loan Collection code Permanent location Current location Shelving location Date acquired Full call number Barcode Date last seen Koha item type Public note
          Non-fiction IMU-MPC Library IMU-MPC Library IMO Shelf 2020-01-08 613.69 IMO LBS13514 2024-04-12 Books IMO SHELF
Copyright © 2021 Indian Maritime University, Mumbai Port Campus. All Rights Reserved. Managed & Maintained by Central Library, IMU-Mumbai

webs counters

Powered by Koha